Zlepšovanie výkonnosti procesov pomocou nástrojov umelej inteligencie bakalárska práca

Gespeichert in:
Bibliographische Detailangaben
1. Verfasser: Murin, Jakub
Körperschaft: Podnikovohospodárska fakulta EU so sídlom v Košiciach. Katedra finančného riadenia podniku
Weitere Verfasser: Tkáč, Michal, 1958-
Format: Buch
Sprache:Slowakisch
Veröffentlicht: Košice 2025
Tags: Tag hinzufügen
Keine Tags, Fügen Sie das erste Tag hinzu!

MARC

LEADER 00000nbm a2200000 4500
001 0310922
005 20260226102522.2
041 0 |a slo 
044 |a SK 
245 1 0 |a Zlepšovanie výkonnosti procesov pomocou nástrojov umelej inteligencie  |b bakalárska práca  |c Jakub Murin ; školiteľ: Michal Tkáč 
264 1 |a Košice  |c 2025 
300 |a 40 s. 
100 1 |a Murin, Jakub 
700 1 |a Tkáč, Michal, 1958- 
710 2 |a Podnikovohospodárska fakulta EU so sídlom v Košiciach. Katedra finančného riadenia podniku